| 000 | 00422nam a22001697a 4500 | ||
|---|---|---|---|
| 003 | NUST - PNEC | ||
| 005 | 20170116181126.0 | ||
| 008 | 151005b xxu||||| |||| 00| 0 eng d | ||
| 020 | _a- | ||
| 040 | _cLIBRARY | ||
| 082 | _a891.4391 LOD | ||
| 100 |
_913712 _a lodhyanvi, Sahir |
||
| 245 |
_aKulyat-e-sahir _cSahir lodhyanvi |
||
| 260 | _cc.2005 | ||
| 650 |
_913713 _akulyat-e-sahir _xGeneral books |
||
| 942 |
_2ddc _cBK |
||
| 999 |
_c69769 _d69769 |
||